| 000 | 01711nam a2200325 i 4500 | ||
|---|---|---|---|
| 001 | 193020 | ||
| 003 | ES-MaACL | ||
| 005 | 20250826062532.0 | ||
| 007 | ta | ||
| 008 | 230722t2021 sp o|||| |||| 00| 0 spa d | ||
| 040 |
_bspa _cES-MaACL |
||
| 080 | _a77:069.9(062.552) | ||
| 245 | 0 | 0 |
_aFotografía y exposición : _bsaberes cruzados / _cedición a cargo de Marta Dahó |
| 260 |
_a[Madrid] : _bFundación MAPFRE, _c[2021] |
||
| 300 |
_a203 páginas : _bilustraciones (blanco y negro y color) ; _c24 cm |
||
| 336 |
_2rdacontent _aTexto |
||
| 337 |
_2rdamedia _asin mediación |
||
| 338 |
_2rdacarrier _avolumen |
||
| 500 | _aÍndice | ||
| 500 | _aRecoge las conferencias pronunciadas en el ciclo "Fotografía y exposición: saberes cruzados", celebradas entre marzo y abril de 2021 | ||
| 520 | _aDesde su invención, la fotografía ha ido de la mano de la posibilidad de ser expuesta, presentada como objeto de valor artístico autónomo. De forma paralela, ha desempeñado un rol igualmente relevante como recurso expositivo a través de la reproducción de obras y archivos, así como en su vertiente escenográfica. Los vínculos entre fotografía y exposición son objeto de creciente interés en las últimas 4 décadas, articulado a través de un enfoque cruzado entre los saberes historiográficos, teóricos y curatoriales | ||
| 650 | 7 |
_aExposiciones de fotografía _2embne _9241424 |
|
| 655 | 0 |
_aConferencias _9234444 |
|
| 700 | 1 |
_aDahó, Marta, _d1969- _epbl _9233822 |
|
| 710 | 2 |
_aFundación MAPFRE _eedt _94362 |
|
| 852 |
_aES-MaACL _cDEPOJ _hDonación Fundación Mapfre _jN-8513 _9200325 |
||
| 942 |
_n0 _cMONOGRAFIA |
||
| 999 |
_c193020 _d193020 |
||